MATERNAL & NEONATAL NURSING CARE PLANS (Record no. 21873)

MARC details
000 -LEADER
fixed length control field 00359nam a22001577a 4500
003 - CONTROL NUMBER IDENTIFIER
control field SGT
020 ## - INTERNATIONAL STANDARD BOOK NUMBER
International Standard Book Number 9789352701438
082 ## - DEWEY DECIMAL CLASSIFICATION NUMBER
Classification number 610.7362
Item number M19J
100 ## - MAIN ENTRY--PERSONAL NAME
Personal name JACOB, ANNAMMA
245 ## - TITLE STATEMENT
Title MATERNAL & NEONATAL NURSING CARE PLANS
250 ## - EDITION STATEMENT
Edition statement 2ND
260 ## - PUBLICATION, DISTRIBUTION, ETC. (IMPRINT)
Place of publication, distribution, etc INDIA
Name of publisher, distributor, etc JAYPEE PUB
Year of Publication 2019
300 ## - PAGE DESCRIPTION
No. of Pages 445
650 ## - SUBJECT ADDED ENTRY--TOPICAL TERM
Topical term or geographic name as entry element PEDIATRICS NURSING
942 ## - ADDED ENTRY ELEMENTS (KOHA)
Source of classification or shelving scheme Dewey Decimal Classification
Koha item type Books
Holdings
Withdrawn status Lost status Source of classification or shelving scheme Damaged status Not for loan Collection code Home library Current library Shelving location Date acquired Vendor Name Cost, normal purchase price SGTU Bill Number Total Checkouts Full call number Accession No. (Barcode) Date last seen Bill Date Koha item type
    Dewey Decimal Classification     NURSING SGT Medical Library SGT Medical Library Text Book 27/09/2021 JAYPEE PUB 1395.00 SGTU N5/INV/-1/2100076   610.7362 M19J FN4161 27/09/2021   Books
    Dewey Decimal Classification     NURSING SGT Medical Library SGT Medical Library Text Book 27/09/2021 JAYPEE PUB 1395.00 SGTU N5/INV/-1/2100076   610.7362 M19J FN4162 27/09/2021   Books
    Dewey Decimal Classification     NURSING SGT Medical Library SGT Medical Library Text Book 27/09/2021 JAYPEE PUB 1395.00 SGTU N5/INV/-1/2100076   610.7362 M19J FN4163 27/09/2021   Books
    Dewey Decimal Classification     NURSING SGT Medical Library SGT Medical Library Text Book 27/09/2021 JAYPEE PUB 1395.00 SGTU N5/INV/-1/2100076   610.7362 M19J FN4164 27/09/2021   Books
    Dewey Decimal Classification     NURSING SGT Medical Library SGT Medical Library Text Book 27/09/2021 JAYPEE PUB 1395.00 SGTU N5/INV/-1/2100076   610.7362 M19J FN4165 27/09/2021   Books